000 00301 a2200133 4500
005 20250627061222.0
082 _a330 PAI
100 _aPAISH, F. W.
245 _aBenham's Economics
250 _a7th Ed.
260 _aNew York,
_bPitman,
_c1963.
300 _axvi, 576p.
_bIndex.
_c21cm.
942 _2ddc
_cBKS
999 _c462
_d462